00981naa a22002657a 4500001001000000003000900010005001700019007000300036008003400039040005400073041000900127072001400136090001800150100002100168245008100189260003800270500008600308650001300394650000900407773008100416909003600497942001400533999001900547952014900566BR7000786BR-BrBNA20240918173414.0ta230509b bl.||||| |||| 00| 0 por d aBR-BrBNAbporcBiblioteca Nacional de Agricultura a(Pt) aH20b2120 aH20 BR70007861 aMonteiro, M.V.M.1 aFerrugem do cafeeiro - ocorrencia da doenca e providencias para seu controle3 aPiracicaba, SP (Brasil): c1970.  aA ferrugem do cafeeiro Piracicaba, SP (Brasil): 1970. p. 61-95 (BR7000786-AM)H20  aFERRUGEM aCAFE0 tA ferrugem do cafeeiroaBitancourt, A.A.w2120 BR0704753g[np], 1970. q5 p. a202404bLuciac55dLucia Elande cAM2AGRIS c304428d304428 002AGRIS40708Acervo Gerala41918b41918cAgrobasel0o2120 BR0704753r2024-05-20t01yAM10d2024-04-11ePortaria Interministerial nÂș 164/94